• 首页
  • 本馆介绍
  • 公告通知
  • 最新文献
  • 馆藏检索
  • 电子资源
  • 读者导购
  • 参考咨询
  • 我的图书馆
  • 登录
  • 详细信息显示
  • 放入我的书架
  • 预约/预借图书
  • 作者相关作品
  • 分类相关作品
  • 丛书相关作品
  • 出版社相关作品

书目信息

  • 表格格式
  • 工作单格式
  • 卡片格式
题名:
地电概论
    
 
作者: 孙正江 , 王华俊 编
分册:  
出版信息: 北京   地震出版社  1984
页数: 308页
开本: 21cm
丛书名:
单 册:
中图分类: P319
科图分类:
主题词: 地电--概论
电子资源:
ISBN:
000 00654nam0 2200253 45
001 0184002740
005 20040521155544.0
010    @dCNY1.80
091    @a13180.221
100    @a19950603d1984 em y0chiy0121 ea
101 0  @achi
102    @aCN@b110000
105    @ay z 000yy
106    @ar
200 10 @a地电概论@Adi dian gai lun@f孙正江,王华俊编
210    @a北京@c地震出版社@d1984
215    @a308页@d21cm
606    @a地电@x概论
690    @aP319@v3
701  0 @a孙正江@Asun zheng jiang@4编
701  0 @a王华俊@Awang hua jun@4编
801  0 @aCN@b上海图书馆@c20040521
801  2 @aCN@bNLC@c20040521
905    @f2@b123123-124@dP319@e20
    
    地电概论/孙正江,王华俊编.-北京:地震出版社,1984
    308页;21cm
    
    
    ISBN :CNY1.80
    
●
相关链接 在E读中查询图书 在五车中查询图书 在当当中查询图书 在豆瓣中查询图书


正题名:地电概论     索取号:P319/20         预约/预借

序号 登录号 条形码 馆藏地/架位号 状态 备注
1 0123123   000626335   第三借阅区/ [索取号:P319/20] 在馆    
2 0123124   000626344   第三借阅区/ [索取号:P319/20] 在馆    
3 0123125   202104962   第二样本阅览室/ [索取号:P319/20] 在馆    
唐山师范学院图书馆 欢迎您!
大连网信软件有限公司© 版权所有